| 000 | 05840nam a22001937a 4500 | ||
|---|---|---|---|
| 003 | UPN | ||
| 005 | 20250826063927.0 | ||
| 008 | 250326s2003 mx| |||f |||s00| 0 spa d | ||
| 040 |
_aMX-MxUPN _bspa _cMX-MxUPN |
||
| 050 |
_aLB1570 M322 S46 _b2003 |
||
| 245 |
_a¿Qué tan buena es nuestra escuela? : _badaptación de los principales indicadores de desempeño para la Autoevaluación en los Centros Escolares de Educación Básica |
||
| 260 |
_aMéxico : _bSecretaría de Educación Pública, _bDirección General de Evaluación, _c2003 |
||
| 300 | _a41 páginas | ||
| 650 | 7 |
_aAutoevaluación _92917 _vCentros Escolares de Educación Básica |
|
| 710 | 1 |
_aMéxico. _bSecretaría de Educación Pública _944381 |
|
| 710 | 1 |
_aMéxico. _bDirección General de Evaluación Educativa _934677 |
|
| 902 | _aMaiella Martínez / 26032025 | ||
| 942 |
_2lcc _cFOLL _n0 |
||
| 999 |
_c212974 _d212974 |
||